ON THE UNIQUENESS RESULT FOR THE DIRICHLET PROBLEM AND INVEXITY

Bibliographic Details
Main Author: Płócienniczak, M. (Author)
Format: Article
Language:English

MARC

LEADER 00000nab a2200000uu 4500
001 vtls010892480
003 SK-MaSNL
005 20260303142027.0
008 230222|2008 xo |||||||||||||||||eng|
015 |a SNBRB 
035 |a (urnnbn)urn:nbn:sk:snk:ar-0068ua 
035 |a (uuid)d3741220-98b3-464f-928e-fd1b85f468a4 
035 |a urn:nbn:sk:snk-ab8m0m 
040 |a SNKBUCL  |b slo  |c SNKBUCL  |e AACR2 
041 0 |a eng 
044 |a xo  |c SK 
100 1 |a Płócienniczak, M.  |4 aut  |9 1162081 
245 1 0 |a ON THE UNIQUENESS RESULT FOR THE DIRICHLET PROBLEM AND INVEXITY  |c M. Płócienniczak 
773 0 |t Acta mathematica Universitatis Comenianae  |g Roč. 77, č. 2 (2008), s. 209-214 
958 |a OND 
958 |a EUIPO 
958 |a article10 
999 |c 1980198  |d 1982128